00624 2200217 4500001002100000005001500021035002000036245012400056100002000180250000600200300003300206700002500239260003100264082000800295084001400303020001800317650002000335990001700355990001700372990001700389INLIS00000000000037920181012112622 a0010-10180000691 aEmpat K ( Kecil-Kecil Kompak dan Kreatif ). :bJilid 4 Komandan Kancil /cDrajat Suratman; Editor, Eko Marsudiono, S.Pd0 aDrajat Suratman a- a24 hlm. :bilus. ;c27,5 cm.0 aEko Marsudiono, S.Pd aBogor :bYudhistira,c2004 a813 a813 DRA e a979-746-294-3 aFiksi Indonesia a01477/P/2018 a01478/P/2018 a01479/P/2018